Statistics for Most Expensive Premier League Transfers ( So Far )

Click here to take the quiz!

General Stats

  • This quiz has been taken 40 times
    (26 since last reset)
  • The average score is 17 of 30

Answer Stats

FromToFeePlayer% Correct
AS RomaLiverpool£55.5MAlisson Becker
100%
RB LeipzigLiverpool£53.1MNaby Keita
100%
Leicester CityManchester City£60MRiyad Mahrez
100%
Shakhtar DonetskManchester United£52.2MFred
95%
NapoliChelsea£50.4MJorginho
89%
WatfordEverton£49.7MRicharlison
89%
AS MonacoLiverpool£44.2MFabinho
84%
LazioWest Ham United£33.6MFelipe Anderson
79%
Norwich CityLeicester City£22.1MJames Maddison
74%
SampdoriaArsenal£26.5MLucas Torreira
68%
Borussia DortmundWest Ham United£17.6MAndriy Yarmolenko
63%
Bayer LeverkusenArsenal£22.1MBernd Leno
58%
FC PortoManchester United£19.4MDiogo Dalot
58%
OGC NiceFulham£26.5MJean-Michael Seri
58%
Borussia DortmundArsenal£14.1MSokratis Papastathopoulos
58%
FC PortoLeicester City£17.6MRicardo Pereira
53%
ToulouseWest Ham United£22.1MIssa Diop
47%
AS MonacoHuddersfield Town£17.6MTerence Kongolo
47%
Stoke CityLiverpool£13MXherdan Shaqiri
47%
Borussia MonchengladbachSouthampton£22.1MJannik Vestergaard
37%
AFC BournemouthWolverhampton Wanderers£12.8MBenik Afobe
32%
Atletico MadridWolverhampton Wanderers£12.3MDiogo Jota
32%
FC BarcelonaWatford£11.5MGerard Deulofeu
32%
FC BaselSouthampton£15.9MMohamed Elyounoussi
32%
LiverpoolLeicester City£12.4MDanny Ward
26%
FC PortoWolverhampton Wanderers£10.6MWilly Boly
26%
LOSC LilleBrighton & Hove Albion£15MYves Bissouma
26%
Manchester CitySouthampton£9.9MAngus Gunn
21%
CD LeganesAFC Bournemouth£10.6MDiego Rico
21%
Norwich CityCardiff City£10MJosh Murphy
21%

Score Distribution

Percentile by Number Answered

Percent of People with Each Score

Your Score History

You have not taken this quiz since the last reset